Le joueur le plus valorisé pour chaque pays - Statistiques

Statistiques générales
  • Ce quiz a été pris 33 fois
  • Le résultat moyen est 35 sur 214
Statistiques - réponses
Pays Joueur Club % Correct
Espagnol Lamine Yamal FC Barcelona (Espagne)
100%
Anglais Jude Bellingham Real Madrid CF (Espagne)
86%
Français Kylian Mbappé Real Madrid CF (Espagne)
86%
Portugais João Neves Paris Saint-Germain (France)
83%
Brésilien Vinícius Júnior Real Madrid CF (Espagne)
83%
Marocain Achraf Hakimi Paris Saint-Germain (France)
79%
Belge Jérémy Doku Manchester City (Angleterre)
79%
Uruguayen Federico Valverde Real Madrid CF (Espagne)
72%
Allemand Jamal Musiala FC Bayern München (Allemagne)
72%
Croate Joško Gvardiol Manchester City (Angleterre)
72%
Colombien Luis Díaz FC Bayern München (Allemagne)
72%
Suédois Alexander Isak Liverpool FC (Angleterre)
69%
Argentin Alexis MacAllister Liverpool FC (Angleterre)
69%
Etatsunien Christian Pulisic AC Milano (Italie)
69%
Norvégien Erling-Braut Haaland Manchester City (Angleterre)
69%
Sud-Coréen Min-Jae Kim FC Bayern München (Allemagne)
69%
Egyptien Omar Marmoush Manchester City (Angleterre)
69%
Nigérian Victor Osimhen Galatasaray SK (Turquie)
69%
Nord-Coréen Yu-Song Kim Amnokgang SC (Corée du Nord)
69%
Canadien Alphonso Davies FC Bayern München (Allemagne)
66%
Ecossais Scott McTominay SSC Napoli (Italie)
66%
Hongrois Dominik Szoboszlai Liverpool FC (Angleterre)
62%
Equatorien Moisés Caicedo Chelsea FC (Angleterre)
62%
Ukrainien Ilya Zabarnyi Paris Saint-Germain (France)
59%
Japonais Kaoru Mitoma Brighton Hove & Albion (Angleterre)
59%
Néerlandais Ryan Gravenberch Liverpool FC (Angleterre)
59%
Italien Alessandro Bastoni Internazionale Milano (Italie)
55%
Turc Kenan Yıldız Juventus di Torino (Italie)
55%
Sénégalais Nicolas Jackson FC Bayern München (Allemagne)
55%
Tchèque Patrik Schick Bayer Leverkusen 04 (Allemagne)
55%
Camerounains Bryan Mbeumo Manchester United (Angleterre)
48%
Algérien Rayan Aït-Nouri Manchester City (Angleterre)
48%
Slovène Benjamin Šeško Manchester United (Angleterre)
45%
Mexicain Santiago Gimenez AC Milano (Italie)
45%
Géorgien Khvicha Kvaratskhelia Paris Saint-Germain (France)
41%
Ouzbèke Abdukodir Khusanov Manchester City (Angleterre)
38%
Gabonais Denis Bouanga Los Angeles FC (Etats-Unis)
38%
Paraguayen Julio Enciso RC Strasbourg (France)
38%
Panaméen Michael Murillo Olympique de Marseille (France)
38%
Ivoirien Ousmane Diomandé Sporting Club Portugal (Portugal)
38%
Roumain Radu Drăgușin Tottenham Hotspurs (Angleterre)
38%
Grec Vangelis Pavlidis SL Benfica (Portugal)
38%
Gallois Brennan Johnson Tottenham Hotspurs (Angleterre)
34%
Autrichien Kevin Danso Tottenham Hotspurs (Angleterre)
34%
Guinéen Serhou Guirassy Borussia Dortmund (Allemagne)
34%
Macédoinien Eljif Elmas SSC Napoli (Italie)
31%
Islandais Hákon Arnar Haraldsson LOSC Lille (France)
31%
Tunisien Hannibal Mejbri Burnley FC (Angleterre)
31%
Jamaïcain Leon Bailey AS Roma (Italie)
31%
Néo-Zélandais Chris Wood Nottingham Forest (Angleterre)
28%
Nord-Irlandais Conor Bradley Liverpool FC (Angleterre)
28%
Kosovar Edon Zhegrova Juventus di Torino (Italie)
28%
Centrafricain Geoffrey Kondogbia Olympique de Marseille (France)
28%
Jordanien Mousa Al-Tamari Stade Rennais FC (France)
28%
Serbe Nikola Milenković Nottingham Forest (Angleterre)
28%
Congolais-RDC Yoane Wissa Newcastle United (Angleterre)
28%
Ghanéen Antoine Semenyo AFC Bournemouth (Angleterre)
24%
Suisse Dan Ndoye Nottingham Forest (Angleterre)
24%
Slovaque Dávid Hancko Atlético de Madrid (Espagne)
24%
Polonais Jakub Kiwior FC Porto (Portugal)
24%
Zambien Patson Daka Leicester City (Angleterre)
24%
Burkinabè Dango Ouattara AFC Bournemouth (Angleterre)
21%
Danois Morten Hjulmand Sporting Club Portugal (Portugal)
21%
Gibraltarien Tjay De Barr Lincoln Red Imps FC (Gibraltar)
21%
Gambien Yankuba Minteh Brighton Hove & Albion (Angleterre)
21%
Qatari Akram Afif Al Sadd (Qatar)
17%
Haïtien Jean-Ricner Bellegarde Wolverhampton Wanderers (Angleterre)
17%
Capverdien Logan Costa Villarreal CF (Espagne)
17%
Sud-Africain Lyle Foster Burnley FC (Angleterre)
17%
Malien Cheick Doucouré Crystal Palace (Angleterre)
14%
Bosnien Ermedin Demirović VfB Stuttgart (Allemagne)
14%
Mozambicain Geny Catamo Sporting Club Portugal (Portugal)
14%
Zimbabwéen Marshall Munetsi Wolverhampton Wanderers (Angleterre)
14%
Burundais Youssouf Ndayishimiye OGC Nice (France)
14%
Albanais Armando Broja Burnley FC (Angleterre)
10%
Bissau-Guinéen Beto Everton FC (Angleterre)
10%
Dominicain Junior Firpo Real Bétis Sevilla (Espagne)
10%
Guamais Takumi Ito Libre
10%
Sierraléonais Juma Bah OGC Nice (France)
7%
Libyen Moatasem Al-Musrati Hellas Verona (Italie)
7%
Irlandais Nathan Collins Brentford FC (Angleterre)
7%
Israélien Oscar Gloukh Ajax Amsterdam (Pays-Bas)
7%
Iranien Sardar Azmoun Shabab Al-Ahli Dubai (Emirats-Arabes-Unis)
7%
Curacien Tahith Chong Sheffield United (Angleterre)
7%
Palestinien Wessam Abou Ali Columbus Crew (Etats-Unis)
7%
Comorien Zaydou Youssouf Al-Fateh (Arabie Saoudite)
7%
Guatémaltèque Aarón Herrera D.C. United (Etats-Unis)
3%
Pakistanais Abdullah Iqbal Mjällby IF (Suède)
3%
Mauritanien Aboubakary Koita AEK Athènes (Grèce)
3%
Cubain Christian Joel Real Saragosse (Espagne)
3%
Kazakh Dastan Satpaev FK Kairat Almaty (Kazakhstan)
3%
Guyanais Donovan Léon AJ Auxerre (France)
3%
Arménien Eduard Spertsyan Krasnodar FK (Russie)
3%
Brunéïen Faiq Bolkiah Ratchaburi FC (Thaïlande)
3%
Maldivien Hamza Mohamed Maziya S&RC (Maldives)
3%
Andorran Iker Álvarez Cordoba CF (Espagne)
3%
Guyanien Isaiah Jones Luton Town (Angleterre)
3%
Vénézuélien Jon Aramburu Real Sociedad (Espagne)
3%
Américano-Virginiens Joshua Ramos Chattanooga Red Wolves FC (Etats-Unis)
3%
Estonien Karl Hein Werder Bremen (Allemagne)
3%
Togolais Kévin Denkey FC Cincinnati (Etats-Unis)
3%
Bélizien Krisean López Verdes FC (Belize)
3%
Luxembourgeois Leandro Barreiro SL Benfica (Portugal)
3%
Trinidadien Levi García Spartak Moskva (Russie)
3%
Irakien Zidane Iqbal FC Utrecht (Pays-Bas)
3%
Somalien Abdulsamed Abdullahi FK Novi Pazar (Serbie)
0%
Soudanais Abo Eisa Chonburi FC (Thaïlande)
0%
Russe Aleksey Batrakov Krasnodar FK (Russie)
0%
Australien Alessandro Circati Parma Calcio (Italie)
0%
Salvadorien Álex Roldán Seattle Sounders (Etats-Unis)
0%
Bahreïni Ali Madan Al-Riffa SC (Bahreïn)
0%
Papou Alwin Komolong Queensland Lions FC (Australie)
0%
Béninois Andréas Hountondji FC Sankt-Pauli (Allemagne)
0%
Guadeloupéen Andreaw Gravillon Pescara FC (Italie)
0%
Féroïen Andrias Edmundsson Wisla Plock (Pologne)
0%
Congolais-Brazzaville Antoine Makoumbou Samsunspor (Turquie)
0%
Tongien Ata Inia Bangkok FC (Thaïlande)
0%
Mongol Banbold Ganbayar KFC Komarno (Slovaquie)
0%
Cookien Benjamin Mata Wellington Olympic AFC (Nouvelle-Zélande)
0%
Caïciens Billy Forbs Swa Sharks FC (Îles Turques-et-Caïques)
0%
Laotien Bounphachan Bounkong Svay Rieng FC (Cambodge)
0%
Vanuatuan Brian Kaltak Perth Glory (Australie)
0%
Letton Cebrail Makreckis Férencvaros TC (Hongrie)
0%
Malawite Charles Petro FC Botosani (Roumanie)
0%
Bhoutanais Chencho Gyeltshen Libre
0%
Macanéen Chi-Seng Leung International Socer Promises (Espagne)
0%
Srilankais Claudio Kammerknecht Dynamo Dresden (Allemagne)
0%
Caïmanais D'Andre Rowe Scholars International (Îles Caïmans)
0%
Angolais David Carmo Real Oviedo FC (Espagne)
0%
Surinamais Delano Burgzorg Middlesbrough (Angleterre)
0%
Mauricien Dylan Collard Lusitania FC Lourosa (Portugal)
0%
Saintmarinais Edoardo Colombo Gzira United FC (Malte)
0%
Emirati Fábio Lima Al-Wasl SC (Emirats-Arabes-Unis)
0%
Afghan Farshad Noor Libre
0%
Chilien Felipe Loyola Independiente (Argentine)
0%
Saoudien Firas Al-Buraikan Al-Hilal SC (Arabie Saoudite)
0%
Djiboutien Gabriel Dadzie Al-Bashayir SC (Libye)
0%
Timorien Gali Freitas Persebaya Surabaya (Indonésie)
0%
Ethiopien Gathouch Panom Al-Najaf SC (Irak)
0%
Anguillais Germain Hughes Roaring Lions (Anguilla)
0%
Lituanien Gvidas Gineitis Torino FC (Italie)
0%
Rwandais Hakim Sahabo Standard Liège (Belgique)
0%
Bengali Hamza Choudhury Leicester City (Angleterre)
0%
Libanais Husseyn Chakroun Hanover 96 (Allemagne)
0%
Maltais Ilyas Chouaref FC Sion (Suisse)
0%
Malaisien Imanol Machuca Vélez Sarsfield (Argentine)
0%
Singapourien Irfan Fandi Port FC (Thaïlande)
0%
Nicaraguayen Jaime Moreno PS Barito Putera (Indonésie)
0%
Indonésien Jay Idzes Sassuolo Calcio (Italie)
0%
Néo-Calédonien Jekob Jeno FC Unirea Slobozia (Roumanie)
0%
Martiniquais Jérémy Petris Watford FC (Angleterre)
0%
Montserratien Jeriel Dorsett Reading FC (Angleterre)
0%
Kirghize Joel Kojo Neftchi Fergana (Ouzbékistan)
0%
Eswatinien Justice Figuareido Chippa United (Afrique)
0%
Finlandais Kaan Kairinen Sparta Prague (République Tchèque)
0%
Samoan Kaleb De Groot-Green Coastal Spirit FC (Nouvelle-Zélande)
0%
Saint-marinois Keelan Lebon Jeonnam Dragons (Corée du Sud)
0%
Bulgare Kiril Despodov PAOK Thessalonique (Grèce)
0%
Birman Kyaw Min Oo Terengganu FC (Malaisie)
0%
Indien Lallianzuala Chhangte Mumbai City FC (Inde)
0%
Liechtensteinois Lars Traber SC Brühl SG (Liechtenstein - Suisse)
0%
Portoricain Leandro Antonetti CF Estrela Amadora (Portugal)
0%
Hondurien Luis Palma Minnesota United FC (Etats-Unis)
0%
Sud-Soudanais Machop Chol Vilnius Zalgiris (Lituanie)
0%
Antiguais Mahlon Romeo Libre
0%
Costaricien Manfred Ugalde Spartak Moskva (Russie)
0%
Tchadien Marius Mouandilmadji Samsunspor (Turquie)
0%
Tahitien Matéo Degrumelle Quevilly Rouen (France)
0%
Arubais Matthew Lentink VV Goes (Pays-Bas)
0%
Kenyan Michael Olunga Al-Arabi SC (Qatar)
0%
Bolivien Miguelito América FC (Brésil)
0%
Koweïtien Mohammad Daham Kuwait SC (Koweït)
0%
Omanais Muhsen Al-Ghassani True Bangkok United (Thaïlande)
0%
Bermudien Nahki Wells Luton Town (Angleterre)
0%
Azéri Nariman Akhundzada Qarabag FK (Azerbaïdjan)
0%
Yéménite Nasser Mohammedoh Zakho SC (Irak)
0%
Monténégrin Nikola Krstović Atalanta di Bergamo (Italie)
0%
Tanzanien Novatus Miroshi Göztepe SK (Turquie)
0%
Vincentais Oalex Anderson North Carolina FC (Etats-Unis)
0%
Moldave Oleg Reabciuk Spartak Moskva (Russie)
0%
Péruvien Oliver Sonne FC Copenhague (Danemark)
0%
Syrien Omar Khribin Al-Wahda FC Abu Dhabi (Emirats-Arabes-Unis)
0%
Libérien Oscar Dorley SK Slavia Prague (République Tchèque)
0%
Nigerien Oumar Sako FK Rostov (Russie)
0%
Namibien Peter Shalulile Mamelodi Sundowns (Afrique du Sud)
0%
Cambodgien Privat Mbarga Dewa United FC (Indonésie)
0%
Viêtnamien Rafaelson Duoc Nam Ha Nam Dinh FC (Viêt-Nam)
0%
Salomonien Raphael Lea'i Wollongong Wolves FC (Australie)
0%
Philippin Raphael Obermair SC Paderborn 07 (Allemagne)
0%
Malgache Rayan Raveloson BSC Young Boys (Suisse)
0%
Lucien Reeco Hackett Lincoln FC (Angleterre)
0%
Népalais Rohid Chand Libre
0%
São-Toméen Ronaldo Lumungo Paços de Ferreira (Portugal)
0%
Tadjike Rustam Yatimov FK Rostov (Russie)
0%
Ougandais Salim Magoola Richards Bay FC (Afrique du Sud)
0%
Equato-Guinéen Saúl Coco Torino FC (Italie)
0%
Chinois Serginho Beijing Guoan (Chine)
0%
Grenadin Shandon Baptiste Luton Town (Angleterre)
0%
Hongkongais Shinichi Chan Shanghai Shenhua (Chine)
0%
Fidjien Shuiab Khan Birkenhead United (Nouvelle-Zélande)
0%
Chypriote Stelios Andreou Widzew Lodz (Pologne)
0%
Thaïlandais Suphanat Mueanta Buriram United (Thaïlande)
0%
Turkmène Teymur Charyyev Torpedo Belaz Zhodino (Biélorussie)
0%
Lesothien Thabiso Brown Boeung Ket (Cambodge)
0%
Botswanais Thatayaone Ditlhokwe Al-Ittihad Tripoli (Libye)
0%
Barbadien Thierry Gale Bolton Wanderers (Angleterre)
0%
Taïwanais Tim Chow Chengdu Better City (Chine)
0%
Dominiquais Tobi Jnohope Chattanooga Red Wolves FC (Etats-Unis)
0%
Britto-Virginiens T'Sharne Gallimore Enflied Town (Angleterre)
0%
Christophien Tyreece Simpson Stevenage FC (Angleterre)
0%
Américano-Samoan Ueli Tualaulelei Royal Puma FC (Samoa-Américaines)
0%
Biélorusse Valeriy Gromyko FK Kairat Almaty (Kazakhstan)
0%
Bahaméen Vance Wheaton Westside SC Renegates (Bahamas)
0%
Seychellois Warren Mellie Real Maldive FC (Maldives)
0%
Aucun quiz correspondant
Distribution des résultats
% des personnes avec chaque résultat
Percentile par nombre de réponses
Votre historique - résultats
Vous n’avez pas pris ce quiz